000 00793cam a22002411 4500
001 8495
003 BD-RjUL
005 20211208234611.0
008 140118s1949 nyua 000 0 eng
035 _a(BD-RjUL)8540
035 _a(OCoLC)526853
040 _aDLC
_cODaWU
_dBD-RjUL
_beng
041 _aeng
082 _a519.5
_bMAA 1949
100 1 _aMann, H. B.
_q(Henry Berthold)
_926458
245 1 0 _aAnalysis and design of experiments :
_banalysis of variance and analysis of variance designs /
_cH. B. Mann
260 _aNew York ;
_bDover Publications,
_cc1949.
300 _ax, 198 p. (p. 196-198 advertisements)
_c20 cm.
_bill. ;
650 0 _aMathematical statistics.
_926460
942 _2ddc
_cBK
999 _c8495
_d8495